Cálculo para administración, economía, ciencias biológicas y sociales
Guardat en:
| Autors principals: | , |
|---|---|
| Format: | Llibre |
| Idioma: | espanyol |
| Publicat: |
Bogotá
McGraw Hill
2004
|
| Edició: | 7a. ed |
| Matèries: | |
| Etiquetes: |
Afegir etiqueta
Sense etiquetes, Sigues el primer a etiquetar aquest registre!
|
MARC
| LEADER | 00000nam a2200000 a 4500 | ||
|---|---|---|---|
| 001 | UCI5390 | ||
| 003 | CL-VaPUC | ||
| 008 | 080328e20040000CK |||||||||||||||||spa|d | ||
| 020 | |a 9584102028 | ||
| 082 | 0 | 4 | |a 515 |b HOF |2 21 |
| 100 | |a Hoffmann, Laurence D |e author |9 602167 | ||
| 700 | 0 | |a Bradley, Gerald L |e author |9 527735 | |
| 245 | 1 | 0 | |a Cálculo para administración, economía, ciencias biológicas y sociales |
| 250 | |a 7a. ed | ||
| 300 | |a 808 p | ||
| 942 | |c BK | ||
| 945 | |d 20080328 00:00:00 |a rbrito | ||
| 260 | |a Bogotá |b McGraw Hill |c 2004 | ||
| 650 | 0 | |a Cálculo |9 260234 | |
| 650 | 0 | |a Funciones |9 263869 | |
| 650 | 0 | |a Derivadas |9 354237 | |
| 650 | 0 | |a Integrales |9 260233 | |
| 650 | 0 | |a Series infinitas |9 270114 | |
| 650 | 0 | |a Funciones trigonométricas |9 421678 | |
| 650 | 7 | |a LOGARITMO |2 CL-VaPUC |9 417400 | |
| 583 | |a last modification |c 20080328 00:00:00 |k Rodrigo Vera | ||
| 999 | |c 329141 |d 329139 | ||
| 952 | |0 0 |1 0 |4 0 |6 515_000000000000000_HOF_2004 |7 0 |8 A |9 413481 |a BIBENE |b BIBENE |d 2019-11-22 |i 4418514 |l 1 |o 515 HOF 2004 |p 4418514 |r 2025-01-15 |s 2022-04-28 |w 2019-11-22 |y BK |k ICO | ||